Catálogo

Derecho mercantil / (Registro nro. 28573)

Detalles MARC
000 -LEADER
fixed length control field 00866cam a2200277 i 4500
001 - CONTROL NUMBER
control field 28573
003 - CONTROL NUMBER IDENTIFIER
control field Mx-PuUPA
005 - DATE AND TIME OF LATEST TRANSACTION
control field 20240621121634.0
008 - FIXED-LENGTH DATA ELEMENTS--GENERAL INFORMATION
fixed length control field 140415s2002 mx d gr 000 0 spa d
020 ## - INTERNATIONAL STANDARD BOOK NUMBER
International Standard Book Number 9701038339
040 ## - CATALOGING SOURCE
Original cataloging agency Mx-PuUPA
Language of cataloging spa
Transcribing agency Mx-PuUPA
Modifying agency Mx-PuUPA
Description conventions rda
041 0# - LANGUAGE CODE
Language code of text/sound track or separate title spa
100 1# - MAIN ENTRY--PERSONAL NAME
Personal name Athíe Gutiérrez, Amado,
9 (RLIN) 15772
Relator term autor
245 10 - TITLE STATEMENT
Title Derecho mercantil /
Statement of responsibility, etc. Amado Athié Gutiérrez
250 ## - EDITION STATEMENT
Edition statement Segunda edición
264 #1 - PRODUCTION, PUBLICATION, DISTRIBUTION, MANUFACTURE, AND COPYRIGHT NOTICE
Place of production, publication, distribution, manufacture México, D. F. :
Name of producer, publisher, distributor, manufacturer McGraw-Hill Interamericana Editores,
Date of production, publication, distribution, manufacture, or copyright notice ©2002
300 ## - PHYSICAL DESCRIPTION
Extent xx, 721 páginas ;
Dimensions 23 cm
336 ## - CONTENT TYPE
Fuente rdacontent
Content type term texto
Content type code txt
337 ## - MEDIA TYPE
Source rdamedia
Media type term sin medio
Media type code n
338 ## - CARRIER TYPE
Source rdacarrier
Carrier type term volumen
Carrier type code nc
490 0# - SERIES STATEMENT
Series statement Jurídica
650 #7 - SUBJECT ADDED ENTRY--TOPICAL TERM
Source of heading or term armarc
Topical term or geographic name entry element Derecho comercial
Geographic subdivision México
942 ## - ADDED ENTRY ELEMENTS (KOHA)
Source of classification or shelving scheme Dewey Decimal Classification
Koha item type Libro
Classification part 346.7207
Item part A865
Existencias
Withdrawn status Lost status Source of classification or shelving scheme Damaged status Not for loan Collection code Home library Current library Shelving location Date acquired Source of acquisition Total Checkouts Full call number Barcode Date last seen Price effective from Koha item type Date last checked out
    Dewey Decimal Classification   Consulta en sala General Tehuacán Tehuacán Sala general 03/12/2013 Compra   346.06 GUT 503937 18/02/2026 03/12/2013 Reserva permanente  
    Dewey Decimal Classification   Consulta en sala General Tehuacán Tehuacán Sala general 03/12/2013 Compra   346.72077 QUE 502238 18/02/2026 03/12/2013 Reserva permanente 20/02/2017
    Dewey Decimal Classification     General Tehuacán Tehuacán Sala general 21/06/2024   1 346.7207 A865 2002 968000002435 18/02/2026 21/06/2024 Libro 11/09/2025